| 000 | 00808cam a22002293a 4500 | ||
|---|---|---|---|
| 001 | 28401 | ||
| 003 | PGUSA | ||
| 005 | 20140828083619.0 | ||
| 008 | 090324s2009||||xxu|||||s|||||000 | eng d | ||
| 040 |
_aPGUSA _beng |
||
| 042 | _adc | ||
| 050 | 4 | _aBT | |
| 100 | 1 |
_aFinch, Richard, _d1710-1763 |
|
| 245 | 1 | 0 |
_aFree and Impartial Thoughts, on the Sovereignty of God, The Doctrines of Election, Reprobation, and Original Sin : _bHumbly Addressed To all who Believe and Profess those Doctrines. _h[electronic resource] / _cRichard Finch |
| 260 |
_bProject Gutenberg, _c2009 |
||
| 506 | _aPublic domain in the USA. | ||
| 516 | _aElectronic text | ||
| 653 | _aTheology, Doctrinal -- Early works to 1800 | ||
| 830 | 0 |
_aProject Gutenberg _v28401 |
|
| 856 | 4 | 0 | _uhttp://www.gutenberg.org/ebooks/28401 |
| 942 | _cEB | ||
| 999 |
_c257656 _d257656 |
||